| 000 | 00729nam a22001937a 4500 | ||
|---|---|---|---|
| 005 | 20240206105647.0 | ||
| 010 | _aHIN-126791 | ||
| 020 |
_c1439.00 _a9789385888595 |
||
| 035 | _aHN-99137 | ||
| 037 | _bDBAD/PUB | ||
| 082 | _a000 | ||
| 100 |
_aलाल _961707 |
||
| 245 |
_aदिल्ली अधीनस्थ सेवा चयन बोर्ड / _bजैन |
||
| 260 |
_aआगरा _bउपकार प्रकाशन |
||
| 270 | _a2/11 ए, स्वदेशी बीमा नगर (शाह सिनेमा के सामने), आगरा-282002 | ||
| 300 |
_a40 p. _c28 cm(pbk) |
||
| 710 |
_aRoma Chatterjee _eEditor _959600 |
||
| 942 |
_2ddc _cHN _h000 _mदिल्ली |
||
| 999 |
_c200244 _d200244 |
||